Interesting random news from 2024: - Statistics

General Stats
  • This quiz has been taken 42 times
    32 since last reset
  • The average score is 11 of 32
Answer Stats
Hint Answer % Correct
This person got elected as the new president of the United States Donald Trump
89%
This country sends troops to aid Russia in the war North Korea
85%
And this person lost the election Kamala Harris
81%
This country joins NATO on march 7th Sweden
74%
This country wins UEFA Euro 2024 Spain
67%
This Cathedral Reopens Notre-Dame
63%
The international criminal court sends out an arrest warrant for this prime minister Benjamin Netanyahu
48%
Spain, Ireland and Norway recognize this state Palestine
48%
This person wins the Formula 1 world championship Max Verstappen
44%
A container ship collides with a bridge in this city in Maryland Baltimore
41%
This country wins the Eurovision song contest Switzerland
41%
This person sings on top of the Eiffel Tower Celine Dion
37%
This singer was found dead in his appartment in Argentina Liam Payne
37%
This event was visible across North America on april 8 Solar Eclipse
37%
Gintautas Paluckas becomes the new prime minister of this country Lithuania
30%
The prime minister of this country is shot in Handlová Slovakia
30%
Egypt, Iran, the UAE and this country become BRICS members Ethiopia
26%
This singer is the first to be disqualified during the Eurovision song contest Joost Klein
26%
This country returns to Eurovision after a 31 year absence Luxembourg
26%
This hurricane makes landfall in Florida Helene
22%
This Dutch prime minister becomes the new NATO chef Mark Rutte
22%
The world health organizations declares this disease a public health emergency of international concern MPOX
22%
A magnitude 7.4 earthquake strikes this country Taiwan
22%
Forces of the Southern Operations Room capture this city Damascus
19%
A DLC for this game becomes the first DLC to be nominated for game of the year Elden Ring
19%
An Ukrainian cross-border offensive happens in this area Kursk
19%
This president is killed in a helicopter crash Ebrahim Raisi
15%
With it's SLIM mission, Japan becomes the fifth country to perform this Moon Landing
11%
Bulgaria and Romania become members of this borderless area Schengen Area
11%
This spacecraft is launched to investigated a moon of Jupiter Europa Clipper
4%
A plane of this company, transporting prisoners of war, crashes near the Ukrainian border Ilyushin
4%
This American lander performs the first commercial moon landing Nova-C
4%
No matching quizzes found
Score Distribution
Percent of People with Each Score
Percentile by Number Answered
Your Score History
You have not taken this quiz since the last reset